<?xml version="1.0" encoding="UTF-8"?>
<record
    xmlns:xsi="http://www.w3.org/2001/XMLSchema-instance"
    xsi:schemaLocation="http://www.loc.gov/MARC21/slim http://www.loc.gov/standards/marcxml/schema/MARC21slim.xsd"
    xmlns="http://www.loc.gov/MARC21/slim">

  <leader>00404nam a2200169Ia 4500</leader>
  <controlfield tag="005">20241126173101.0</controlfield>
  <controlfield tag="008">231221s9999    xx            000 0 und d</controlfield>
  <datafield tag="020" ind1=" " ind2=" ">
    <subfield code="a">9788120349469</subfield>
  </datafield>
  <datafield tag="082" ind1=" " ind2=" ">
    <subfield code="a">001.42  PAN;1  R</subfield>
  </datafield>
  <datafield tag="100" ind1=" " ind2=" ">
    <subfield code="a">Panneerselvam, R</subfield>
  </datafield>
  <datafield tag="245" ind1=" " ind2="0">
    <subfield code="a">Research methodology</subfield>
  </datafield>
  <datafield tag="250" ind1=" " ind2=" ">
    <subfield code="a">2nd ed.</subfield>
  </datafield>
  <datafield tag="260" ind1=" " ind2=" ">
    <subfield code="c">2014</subfield>
    <subfield code="b">PHI</subfield>
    <subfield code="a">New Delhi</subfield>
  </datafield>
  <datafield tag="300" ind1=" " ind2=" ">
    <subfield code="a">xvi+699</subfield>
  </datafield>
  <datafield tag="650" ind1=" " ind2=" ">
    <subfield code="a">methodology</subfield>
  </datafield>
  <datafield tag="942" ind1=" " ind2=" ">
    <subfield code="c">AR</subfield>
  </datafield>
  <datafield tag="999" ind1=" " ind2=" ">
    <subfield code="c">231817</subfield>
    <subfield code="d">231817</subfield>
  </datafield>
  <datafield tag="952" ind1=" " ind2=" ">
    <subfield code="r">2024-01-26 00:00:00</subfield>
    <subfield code="l">0</subfield>
    <subfield code="o">001.42  PAN;1  R</subfield>
    <subfield code="p">AR398</subfield>
    <subfield code="W">28</subfield>
    <subfield code="v">284.40</subfield>
    <subfield code="w">2024-01-26</subfield>
    <subfield code="y">AR</subfield>
    <subfield code="1">0</subfield>
    <subfield code="2">ddc</subfield>
    <subfield code="4">0</subfield>
    <subfield code="7">0</subfield>
    <subfield code="8">ARCH</subfield>
    <subfield code="0">0</subfield>
    <subfield code="K">957</subfield>
    <subfield code="a">FOA</subfield>
    <subfield code="b">FOA</subfield>
    <subfield code="c">ARCH</subfield>
    <subfield code="d">2016-03-24</subfield>
    <subfield code="e">Surya Book Supplier</subfield>
    <subfield code="g">395.00</subfield>
    <subfield code="E">ARCH</subfield>
    <subfield code="G">RS</subfield>
    <subfield code="F">1</subfield>
    <subfield code="V">110.6</subfield>
    <subfield code="U">Rupees</subfield>
  </datafield>
</record>
